| 000 | 00957cab a2200265 4500 | ||
|---|---|---|---|
| 001 | WB2942-39 | ||
| 008 | 090401t1993 xxu||||| |||| 00| 0 eng d | ||
| 035 | _a(Sirsi) u67706 | ||
| 041 | _aeng | ||
| 245 | _aRegulating development of green belt | ||
| 260 | _c1993 | ||
| 350 | _a0 | ||
| 490 |
_aTimes _v11 November 1993, 38(1) |
||
| 520 | _a"Good and another v Epping Forest DC" CA 5 November 1993. The appellants failed to have made null a covenant made under Town and Country Planning Act 1971 s52, which provided that a house on their land had to be occupied by a farm worker. | ||
| 650 | _aAGRICULTURAL OCCUPANCY CONDITIONS | ||
| 650 | _aFARMHOUSE | ||
| 650 | _aGREEN BELT | ||
| 650 | _aOCCUPANCY CONDITIONS | ||
| 650 | _aPLANNING CONDITIONS | ||
| 650 | _aTOWN AND COUNTRY PLANNING ACT 1971 S29 | ||
| 650 | _aTOWN AND COUNTRY PLANNING ACT 1971 S52 | ||
| 690 | _aPLANNING LAW AND PRACTICE-CASE LAW | ||
| 942 | _n0 | ||
| 948 | _c04/03/1997 | ||
| 999 |
_c42390 _d42390 |
||